000 00330nam a2200133Ia 4500
005 20260328104344.0
008 260328s9999||||xx |||||||||||||| ||und||
100 _aMinguet, Anna
245 0 _aNew Shelters, sustainable Building Systems /
_cAnna Minguet
260 _bMonsa
300 _a141 p.
650 _aREFUGIO
942 _cBK
999 _c12248
_d12248